00916nam a2200253 i 450000100060000000300090000600500170001500700030003200800410003502000180007604000220009408000240011610000290014024501020016926000380027130000220030949000240033150400320035565000590038783000440044685200330049099900170052395201220054066809ES-MaACL20250827232741.0t|030617s2003 sp ||||0| spa d a84-8432-445-1 aM-BN bspa cM-BN a821.134.2-31.09"19"1 aValls, Fernando.911292913aLa realidad inventada b: análisis crítico de la novela española actual / cFernando Valls. aBarcelona : bCrítica, c[2003] a331 p. ; c23 cm.1 aLetras de humanidad aBibliografía: p. 307-324.14aNovela española-yS.XX-xHistoria y crítica91561700aLetras de humanidad (Crítica)9180478 aES-MaACLjL-27307 bR.132957 c66809d66809 00104070aATENEOMbATENEOMcDEPO2d2008-01-17eSCl0oL-27307p1069976r2023-02-23 00:00:00w2023-02-23yMONOGRAFIA